| 000 | 00425nam a2200145 a 4500 | ||
|---|---|---|---|
| 082 |
_a954.0357 _bCOA |
||
| 100 | 1 |
_aWilliams , L. F _950510 |
|
| 245 | _aIndia In 1925 - 26 Social Political and Economic Developments | ||
| 260 |
_aDelhi: _bAnmol Publication , _c1985 |
||
| 300 |
_a463 p. _bill, _c26cm |
||
| 526 |
_a0 _b0 _c0 _d954_035700000000000_COA |
||
| 650 | 0 |
_aIndia - History _96814 |
|
| 650 | 0 |
_aMCE _9379 |
|
| 942 |
_2ddc _cBK |
||
| 999 |
_c553248 _d553248 |
||